<?xml version="1.0" encoding="UTF-8"?><?xml-stylesheet type="text/xsl" href="static/style.xsl"?><OAI-PMH xmlns="http://www.openarchives.org/OAI/2.0/" xmlns:xsi="http://www.w3.org/2001/XMLSchema-instance" xsi:schemaLocation="http://www.openarchives.org/OAI/2.0/ http://www.openarchives.org/OAI/2.0/OAI-PMH.xsd"><responseDate>2026-05-11T09:57:11Z</responseDate><request verb="GetRecord" identifier="oai:gredos.usal.es:10366/154792" metadataPrefix="marc">https://gredos.usal.es/oai/request</request><GetRecord><record><header><identifier>oai:gredos.usal.es:10366/154792</identifier><datestamp>2025-04-30T20:44:08Z</datestamp><setSpec>com_10366_154353</setSpec><setSpec>com_10366_4512</setSpec><setSpec>com_10366_3823</setSpec><setSpec>col_10366_154354</setSpec></header><metadata><record xmlns="http://www.loc.gov/MARC21/slim" xmlns:doc="http://www.lyncode.com/xoai" xmlns:xsi="http://www.w3.org/2001/XMLSchema-instance" xmlns:dcterms="http://purl.org/dc/terms/" xsi:schemaLocation="http://www.loc.gov/MARC21/slim http://www.loc.gov/standards/marcxml/schema/MARC21slim.xsd">
<leader>00925njm 22002777a 4500</leader>
<datafield tag="042" ind1=" " ind2=" ">
<subfield code="a">dc</subfield>
</datafield>
<datafield tag="720" ind1=" " ind2=" ">
<subfield code="a">Cardella, Giuseppina Maria</subfield>
<subfield code="e">author</subfield>
</datafield>
<datafield tag="720" ind1=" " ind2=" ">
<subfield code="a">Hernández Sánchez, Brizeida</subfield>
<subfield code="e">author</subfield>
</datafield>
<datafield tag="720" ind1=" " ind2=" ">
<subfield code="a">Almeida Monteiro, Alcides</subfield>
<subfield code="e">author</subfield>
</datafield>
<datafield tag="720" ind1=" " ind2=" ">
<subfield code="a">Sánchez García, José Carlos</subfield>
<subfield code="e">author</subfield>
</datafield>
<datafield tag="260" ind1=" " ind2=" ">
<subfield code="c">2021</subfield>
</datafield>
<datafield tag="520" ind1=" " ind2=" ">
<subfield code="a">Social entrepreneurship (SE) is an emerging research field that has received much scholarly&#xd;
attention in recent years. Given the global scope of this attention, this review explores the existing&#xd;
scientific literature on social entrepreneurship to contribute to a systematization of the research&#xd;
field. Based on the publications inWeb of Science and Scopus, a total of 1425 scientific articles were&#xd;
analyzed. We used the bibliometric method to describe the evolution of social entrepreneurship&#xd;
research (e.g., evaluation by years, authors, scientific journal articles, and countries in the SE literature&#xd;
that have had the greatest impact in terms of production). In addition, we used the mapping of&#xd;
knowledge networks through the citations and co-citations analysis to identify schools of thought.&#xd;
A keyword co-occurrence analysis was performed to detect key research topics over the years. The&#xd;
results show that, although the research is still in a nascent phase, it has a multidisciplinary character.&#xd;
Furthermore, social entrepreneurship appears to be a concept closely linked to three schools of&#xd;
thought: commercial entrepreneurship, sustainable entrepreneurship, and social innovation. The&#xd;
keywords analysis allowed us to isolate the constructs that the literature has considered antecedents&#xd;
(e.g., socio-psychological factors) and accelerators (e.g., education, network, culture, and gender) to&#xd;
the development of social entrepreneurial intention. We will further discuss the ways researchers can&#xd;
explore this research field and contribute to the global literature.</subfield>
</datafield>
<datafield tag="024" ind2=" " ind1="8">
<subfield code="a">http://hdl.handle.net/10366/154792</subfield>
</datafield>
<datafield tag="024" ind2=" " ind1="8">
<subfield code="a">10.3390/ su13147532</subfield>
</datafield>
<datafield ind1=" " ind2=" " tag="653">
<subfield code="a">Social entrepreneurship</subfield>
</datafield>
<datafield ind1=" " ind2=" " tag="653">
<subfield code="a">Scientific mapping review</subfield>
</datafield>
<datafield ind1=" " ind2=" " tag="653">
<subfield code="a">Social innovation</subfield>
</datafield>
<datafield ind1=" " ind2=" " tag="653">
<subfield code="a">Social entrepreneurship education</subfield>
</datafield>
<datafield ind1=" " ind2=" " tag="653">
<subfield code="a">Sustainable entrepreneurship</subfield>
</datafield>
<datafield ind1=" " ind2=" " tag="653">
<subfield code="a">Commercial entrepreneurship</subfield>
</datafield>
<datafield tag="245" ind1="0" ind2="0">
<subfield code="a">Social Entrepreneurship Research: Intellectual Structures and Future Perspectives</subfield>
</datafield>
</record></metadata></record></GetRecord></OAI-PMH>